| 000 | 00451cam a22001938a 4500 | ||
|---|---|---|---|
| 020 | _a0072295694 | ||
| 040 | _cDLC | ||
| 082 | 0 | 0 | _a370 HIL 2000 A014 Or. |
| 100 | 1 | _aSpring, Joel H. | |
| 245 | 1 | 0 | _aAmerican education / |
| 250 | _a9th ed. | ||
| 260 |
_aBoston : _bMcGraw-Hill, _cc2000. |
||
| 300 | _ap. cm. | ||
| 650 | 0 | _aEducation | |
| 650 | 0 | _aEducation | |
| 650 | 0 | _aEducational equalization | |
| 650 | 0 | _aEducation and state | |
| 942 | _cEK | ||
| 999 |
_c12871 _d12871 |
||